000
00349nam a2200157Ia 4500
005
20250425161057.0
008
250425s9999 xx 000 0 und d
041
_a
eng
082
_a
IBM4381
245
0
_a
ENHANCED OIL RECOVERY METHODS
250
_a
S.E.
260
_a
S.L.
260
_a
Sin Pais
_b
PEPU
_c
1983
942
_c
01
010
_a
11981
999
_c
201948
_d
201948